000 00993nam a22003257a 4500
001 BR0305449
003 BR-BrBNA
005 20230928101431.0
007 ta
008 230509b bl.||||| |||| 00| 0 por d
040 _aBR-BrBNA
_bpor
_cBiblioteca Nacional de Agricultura
041 _a(Por)
072 _aL02; L51
_b6100
090 _ 6100 BR0305449
100 1 _aPucci, L.E.A.
110 1 _aUniversidade Federal de Lavras, MG (Brasil)
_0Tese (Mestre em Zootecnia)
245 1 _aNíveis de óleo e adição de complexo enzimático na ração de frangos de corte
260 3 _aLavras, MG (Brasil):
_c2001.
300 _a46 p.
500 _aSummaries (Eng, Por); Bibliography p. 35-40; 16 tables; 7 illus.
650 _aFRANGO DE CORTE
650 _aRAÇÃO
650 _aÓLEO VEGETAL
650 _aSUPLEMENTO ALIMENTAR
650 _aPERFORMANCE
650 _aDIGESTIBILIDADE
650 _aSUPLEMENTO ENZIMÁTICO
909 _a202309
_bLucia
_c55
_dLucia Elande
942 _cBK
999 _c65804
_d65804